000 01217nac a22002897a 4500
001 BR8100008
003 BR-BrBNA
005 20240105114849.0
008 230509b bl.|||m| |||| 00| 0 por d
040 _aBR-BrBNA
_bpor
_cBiblioteca Nacional de Agricultura
072 _aF30
090 _a0430 BR8100008
100 1 _aValarini, P.J.
110 1 _aUnidade de Execucao de Pesquisa de Ambito Estadual de Dourados, MS (Brasil)
245 1 _aAvaliacao de cultivares de algodao herbaceo nas condicoes ecologicas de Mato Grosso do Sul [Comportamento de variedade; Gossypium herbaceum; Brasil]
246 1 _a[Evaluation of herbaceous cotton cultivars in the ecological conditions of Mato Grosso do Sul [Variety behaviour; Gossypium herbaceum; Brazil]]
260 3 _aDourados, MS (Brasil):
_cMay 1980.
300 _a3 p.
490 _aPesquisa em Andamento - Unidade de Execucao de Pesquisa de Ambito Estadual de Dourados (Brazil)
_vno. 6
_x
650 _aMelhoramento genetico vegetal
650 _aAlgodao herbaceo
650 _aComportamento de variedade
650 _aCompeticao de variedade
650 _aMato Grosso do Sul
909 _a202312
_bLúcia Elande
_c55
_dLúcia Elande
942 _2AGRIS
_n0
_cMS
999 _c271745
_d271745